The Movie business book /

Bibliographic Details
Other Authors: Squire, Jason E.
Format: Book
Language:English
Published: Englewood Cliffs, N.J. : Prentice-Hall, [1983]
Series:A Reward book
Subjects:

MARC

Tag First Indicator Second Indicator Subfields
LEADER 00000pam a2200000 a 4500
001 in00000353721
005 20211120063145.0
008 820810s1983 nju 00100 eng
010 |a  82016126  
020 |a 0136046037 :  |c $24.95 
020 |a 0136045952 (pbk.) :  |c $13.95 
035 |a (OCoLC)08728901 
035 |9 ABN5401AM 
039 0 |a 2  |b 3  |c 3  |d 3  |e 3 
040 |a DLC  |c DLC  |d TXA  |d UtOrBLW 
043 |a n-us--- 
049 |a TXAM  |c [1118522] 
050 0 0 |a PN1993.5 U6  |b  M666 1983 
082 0 |a 384/.8/0973  |2 19 
245 0 4 |a The Movie business book /  |c edited by Jason E. Squire. 
264 1 |a Englewood Cliffs, N.J. :  |b Prentice-Hall,  |c [1983] 
264 4 |c ©1983 
300 |a xviii, 414 pages ;  |c 23 cm. 
336 |a text  |b txt  |2 rdacontent 
337 |a unmediated  |b n  |2 rdamedia 
338 |a volume  |b nc  |2 rdacarrier 
490 0 |a A Reward book 
500 |a Includes index. 
650 0 |a Motion picture industry  |z United States. 
700 1 |a Squire, Jason E. 
999 |a MARS 
999 f f |s abfe895e-19ed-3195-beb5-f7197280e944  |i 4fc3ab72-3f9a-3362-8077-f3a8e8576772  |t 0 
952 f f |p ric  |a Texas A&M University  |b Rellis Campus  |c Joint Library Facility  |d Remote Storage  |t 0  |e PN1993.5 U6 M666 1983  |h Library of Congress classification  |i unmediated -- volume  |m A14807399936 
998 f f |a PN1993.5 U6 M666 1983  |t 0  |l Remote Storage